[Event "Open"]
[Site "Coventry ENG"]
[Date "2005.03.28"]
[Round "9"]
[White "Mason,D"]
[Black "Greet,A"]
[Result "0-1"]
[WhiteElo "2255"]
[BlackElo "2389"]

1.e4 c5 2.Nf3 Nc6 3.Bb5 Nf6 4.Nc3 Qc7 5.O-O Nd4 6.Re1 a6 7.e5 Nxb5 8.exf6 Nxc3
9.bxc3 gxf6 10.c4 d6 11.Bb2 e5 12.d4 cxd4 13.Nxd4 Be7 14.Qh5 Qxc4 15.Re4 Be6
16.Rae1 Qxa2 17.c4 O-O-O 18.Nxe6 fxe6 19.Qf7 Qxb2 20.Qxe7 Rhe8 21.Qxf6 Kb8
22.Qh6 Rd7 23.Qe3 Rc7 24.h4 Qb4 25.Qd3 Qc5 26.h5 Rf7 27.R1e2 Rg8 28.h6 Rg6
29.Rh4 Rf5 30.Rd2 Kc7 31.Rb2 Rfg5 32.Qf3 Rxg2+ 33.Qxg2 Rxg2+ 34.Kxg2 Qa3
35.Re2 Qc1 36.Re3 Kc6 37.Rg4 a5 38.Rg7 a4 39.Rxh7 a3 40.Rh8 a2 41.h7 a1=Q
42.Rc8+ Kd7 43.h8=Q Qg1+ 44.Kh3 Qaf1+ 45.Kh4 Qfxf2+  0-1

[Event "Alpress Cup"]
[Site "Frydek Mistek CZE"]
[Date "2005.03.28"]
[Round "9"]
[White "Macicek,Jak"]
[Black "Balkova,A"]
[Result "1-0"]
[WhiteElo "2093"]
[BlackElo "1945"]

1.e4 c5 2.Nf3 Nc6 3.Bb5 g6 4.O-O Bg7 5.Re1 e6 6.Bxc6 dxc6 7.e5 Ne7 8.d3 h6
9.Nbd2 O-O 10.Ne4 b6 11.b3 Nf5 12.Bb2 Bb7 13.Qe2 Qc7 14.g4 Nd4 15.Bxd4 cxd4
16.Nd6 c5 17.Nxb7 Qxb7 18.Nd2 Qd5 19.a4 Rfd8 20.f4 Qd7 21.Ne4 Qe7 22.Ng3 Rd5
23.Qe4 Rad8 24.Re2 Kh8 25.Rae1 Qc7 26.Qf3 a6 27.Ne4 R5d7 28.Qh3 Kg8 29.Qg3 Kh8
30.h4 Rg8 31.Rg2 Rdd8 32.Qf2 Kh7 33.Kh1 Bh8 34.Reg1 Qe7 35.h5 gxh5 36.g5 hxg5
37.Rxg5 Rxg5 38.Rxg5 f5 39.Rxh5+ Kg8 40.Qg2+ Bg7 41.Nf6+ Kf8 42.Rh8+ Kf7
43.Rh7 Qf8 44.Nh5  1-0

[Event "Spring Open"]
[Site "Belgrade SCG"]
[Date "2005.03.30"]
[Round "6"]
[White "Starcevic,G"]
[Black "Stamenkovic,A"]
[Result "1-0"]
[WhiteElo "2184"]
[BlackElo "2272"]

1.e4 c5 2.Nf3 Nc6 3.Bb5 e6 4.Bxc6 bxc6 5.d3 Qc7 6.O-O Ne7 7.Nc3 Ng6 8.Ng5 f6
9.Nh3 Bd6 10.f4 Ba6 11.Qh5 O-O-O 12.Be3 Be7 13.Bxc5 Qa5 14.b4 Qa3 15.Bxe7 Nxe7
16.Qc5 Kb7 17.e5 Nd5 18.Ne4 Ka8 19.Rfb1 Rb8 20.Rb3 Qa4 21.c4 Rxb4 22.Rab1 Rxb3
23.axb3 Qa2 24.Rc1 Qb2 25.cxd5 cxd5 26.Nd6 fxe5 27.fxe5 Rf8 28.Nb5 Bxb5 29.Qxf8+ Kb7
30.Qc8+ Kb6 31.Qc7+ Ka6 32.Nf2  1-0

[Event "ch-RUS w 1st League"]
[Site "Samara RUS"]
[Date "2005.03.30"]
[Round "8"]
[White "Kochetkova,J"]
[Black "Korbut,E"]
[Result "1/2-1/2"]
[WhiteElo "2303"]
[BlackElo "2417"]

1.e4 c5 2.Nf3 Nc6 3.Bb5 g6 4.Bxc6 dxc6 5.d3 Bg7 6.h3 Nf6 7.Nc3 Nd7 8.Be3 e5
9.Qd2 h6 10.O-O-O Qe7 11.Nh2 Nf8 12.f4 exf4 13.Bxf4 Ne6 14.Be3 Nd4 15.Nf3 Be6
16.Bf4 O-O-O 17.Bh2 b6 18.Nxd4 Rxd4 19.e5 Rhd8 20.Qe3 Qc7 21.Rhe1 b5 22.Ne2 Qa5
23.Nxd4 cxd4 24.Qf3 Rd5 25.a3 Bf8 26.Bf4 Rc5 27.Re2 Kb7 28.Bd2 Rc3 29.Rf1 b4
30.Kd1 bxa3 31.bxa3 Qb5 32.Bxc3 dxc3 33.Qf4 Bxa3 34.Ke1 Qb6 35.Rf3 Bc5 36.d4 Bxd4
37.Rd3 c5 38.Rd1 Bd5  1/2-1/2

[Event "Spring Open"]
[Site "Belgrade SCG"]
[Date "2005.03.31"]
[Round "7"]
[White "Nestorovic,L"]
[Black "Zivkovic,Veli"]
[Result "1/2-1/2"]
[WhiteElo "1981"]
[BlackElo "2075"]

1.e4 c5 2.Nf3 Nc6 3.Bb5 Qc7 4.Bxc6 bxc6 5.O-O d6 6.d3 g6 7.Nc3 Bg7 8.Be3 Rb8
9.Rb1 Bg4 10.h3 Bxf3 11.Qxf3 Nf6 12.e5 Nd7 13.exd6 exd6 14.Qe4+ Ne5 15.f4 f5
16.Qa4 Nd7 17.Ne2 O-O 18.d4 Rfe8 19.Rf3 d5 20.c3 Rb5 21.Qc2 Qa5 22.dxc5 Qxa2
23.Nc1 Qc4 24.Ra1 Nxc5 25.Rxa7 d4 26.Bf2 Ne4 27.Ra4 Rxb2 28.Qxb2 Qxa4 29.Bxd4 Bxd4+
30.cxd4 Rd8 31.Qb3+  1/2-1/2

[Event "ch-FRA Top 16 GpA"]
[Site "Noyon FRA"]
[Date "2005.03.31"]
[Round "4"]
[White "Galdunts,S"]
[Black "David,Alb"]
[Result "0-1"]
[WhiteElo "2489"]
[BlackElo "2573"]

1.e4 c5 2.Nf3 Nc6 3.Bb5 g6 4.Bxc6 dxc6 5.d3 Bg7 6.h3 Nf6 7.Nc3 Nd7 8.Be3 e5
9.O-O Qe7 10.Qd2 h6 11.a3 Nf8 12.b4 Ne6 13.Rfe1 Nd4 14.Bxd4 cxd4 15.Na4 O-O
16.c3 dxc3 17.Qxc3 Qf6 18.Nd2 Rd8 19.Red1 Kh7 20.Nc5 Qg5 21.Kh1 Rd6 22.Nc4 Rf6
23.Qxe5 Rxf2 24.Qxg5 hxg5 25.e5 b5 26.Ne4 Rf4 27.Na5 Bxe5 28.Rac1 Bd7 29.g3 Rf5
30.d4 Bg7 31.Nxc6 Bxc6 32.Rxc6 Rd8 33.g4 Rf4 34.Nxg5+ Kh6 35.Rc5 a6 36.Kg2 Rdxd4
37.Rxd4 Bxd4 38.Rd5 Bb2 39.Kg3 Rf1 40.Kg2 Rf4 41.Kg3 Rf6 42.Ne4 Re6 43.g5+ Kg7
44.Nc5 Re3+ 45.Kg4 Rxa3 46.Rd7 Be5 47.Re7 Bd6 48.Rd7 Bxc5 49.bxc5 Rc3 50.Rc7 a5
51.c6 a4 52.h4 a3  0-1

[Event "Spring Open"]
[Site "Belgrade SCG"]
[Date "2005.04.01"]
[Round "8"]
[White "Stancic,L"]
[Black "Masovic,B"]
[Result "1-0"]
[WhiteElo "1923"]
[BlackElo "1865"]

1.e4 c5 2.Nf3 Nc6 3.Bb5 Qc7 4.Nc3 e6 5.O-O Nf6 6.Re1 a6 7.Bxc6 dxc6 8.d3 h6
9.e5 Nd5 10.Ne4 Be7 11.c4 Nb6 12.Be3 Nd7 13.Bf4 O-O 14.Qd2 Rd8 15.Rad1 b6
16.Nc3 Nf8 17.Bxh6 gxh6 18.Qxh6 Ng6 19.Ne4 Nf8 20.Nf6+  1-0

[Event "Spring Open"]
[Site "Belgrade SCG"]
[Date "2005.04.01"]
[Round "8"]
[White "Nestorovic,DN"]
[Black "Starcevic,G"]
[Result "1-0"]
[WhiteElo "2328"]
[BlackElo "2184"]

1.e4 c5 2.Nf3 Nc6 3.Bb5 d6 4.d4 cxd4 5.Qxd4 Bd7 6.Bxc6 bxc6 7.Nc3 e5 8.Qd3 h6
9.O-O Nf6 10.b3 Qc7 11.Nd2 Rd8 12.Nc4 Be7 13.Ba3 Be6 14.Rad1 d5 15.Bxe7 Kxe7
16.Nb2 dxe4 17.Qe3 Qb6 18.Qg3 Qa5 19.Nba4 Rd4 20.Qxg7 Rg8 21.Qxh6 Rg6 22.Qe3 Qd8
23.f3 Qg8 24.Rxd4 Rxg2+ 25.Kh1 exd4 26.Qxd4 Rxc2 27.Qc5+ Kd7 28.Qxa7+ Kd8
29.Qb8+ Ke7 30.Qxg8 Nxg8 31.Nxe4 Rxa2 32.Nac5 Bh3 33.Re1 Kf8 34.Ng5 Bf5 35.Rd1 Nf6
36.Nge4 Nd5 37.Rd2 Ra1+ 38.Kg2 Nf4+ 39.Kg3 Nh3 40.Nd6 Rg1+ 41.Kh4 Ng5 42.Rf2 Bh3
43.f4 Rg4+ 44.Kh5 Nh7 45.Nde4 Rg1 46.f5 Bg4+ 47.Kh6 Kg8 48.Nd7 Bd1 49.Ra2 f6
50.Nd6  1-0

[Event "Spring Open"]
[Site "Belgrade SCG"]
[Date "2005.04.01"]
[Round "8"]
[White "Stamatovic,A"]
[Black "Dimitrijevic,S"]
[Result "0-1"]
[WhiteElo "2169"]
[BlackElo "2260"]

1.e4 c5 2.Nf3 Nc6 3.Bb5 g6 4.Bxc6 dxc6 5.O-O Bg7 6.d3 b6 7.a4 a5 8.Nc3 e5
9.b3 Ne7 10.Nd2 Be6 11.Nc4 Rb8 12.Bb2 g5 13.Ne2 f6 14.Ng3 Qd7 15.Nh5 Ng6
16.Nd6+ Kf8 17.Nf5 Bxf5 18.exf5 Qxf5 19.Ng3 Qd7 20.Qf3 Nf4 21.Qe4 Qd5 22.Rfe1 Kf7
23.Nf5 Rhe8 24.f3 h5 25.g3 Ng6 26.Kf2 Rh8 27.Ne3 Qd7 28.Qc4+ Kf8 29.Qe4 Kf7
30.Qf5 Qe6 31.Qxe6+ Kxe6 32.Nc4 Rhd8 33.Re2 Kf7 34.Rae1 Bf8 35.Bc3 Rd7 36.Bd2 Bd6
37.f4 exf4 38.Nxd6+ Rxd6 39.gxf4 gxf4 40.Re4 Rd4 41.Rxd4 cxd4 42.Re4 c5 43.Bxf4 Nxf4
44.Rxf4 Rg8 45.h3 Rg5 46.c3 dxc3 47.Rc4 Rd5 48.Rxc3 Rd4 49.Ke2 Rb4 50.Kd2 Kg6
51.Kc2 Kg5 52.Kb2 Kh4 53.Rc1 f5 54.Rf1 Kxh3 55.Rxf5 h4 56.Rf6 Kg3 57.Rg6+ Rg4  0-1

[Event "ch-FRA Top 16 GpA"]
[Site "Noyon FRA"]
[Date "2005.04.01"]
[Round "5"]
[White "Muller,A"]
[Black "Flear,C"]
[Result "1/2-1/2"]
[WhiteElo "2181"]
[BlackElo "2245"]

1.e4 c5 2.Nf3 Nc6 3.Bb5 g6 4.Bxc6 dxc6 5.h3 Bg7 6.d3 Nf6 7.Nc3 Nd7 8.Be3 e5
9.Qd2 Qe7 10.Bh6 Bxh6 11.Qxh6 f6 12.Nd2 Nf8 13.f4 exf4 14.Qxf4 Ne6 15.Qf2 Nd4
16.Nb3 Qe5 17.Nxd4 Qxd4 18.Qxd4 cxd4 19.Ne2 c5 20.O-O O-O  1/2-1/2

[Event "ch-FRA Top 16 GpB"]
[Site "Cannes FRA"]
[Date "2005.04.03"]
[Round "7"]
[White "Boudre,JP"]
[Black "Midoux,S"]
[Result "1/2-1/2"]
[WhiteElo "2339"]
[BlackElo "2310"]

1.e4 c5 2.Nf3 Nc6 3.Bb5 g6 4.O-O Bg7 5.c3 Nf6 6.Qa4 Qb6 7.Na3 O-O 8.d3 d6
9.Nc4 Qc7 10.Bxc6 bxc6 11.h3 Nd7 12.Re1 Rb8 13.d4 cxd4 14.Nxd4 c5 15.Nc2 Nb6
16.Nxb6 axb6 17.Ne3 b5 18.Qd1 Qb7 19.a4 bxa4 20.Rxa4 Bd7 21.Ra3 Bc6 22.f3 f5
23.exf5 gxf5 24.Qd3 Qd7 25.Nd5 e5 26.c4 Rbe8 27.Ra6 e4 28.fxe4 fxe4 29.Qg3 Kh8
30.Bd2 Rg8 31.Bc3 Re6 32.Bxg7+ Rxg7 33.Qc3 h6 34.Rf1 Bxd5 35.cxd5 Rg6 36.Rf2 Rg3
37.Qc4 Qe7 38.Re2 Qe5 39.Ra3 Rxa3 40.bxa3 Qa1+ 41.Kh2 Qe5+ 42.Kg1 e3 43.Qd3 Re7
44.Qg6 Qf4 45.g3 Qe5 46.Qxh6+ Kg8 47.Kh2 c4 48.a4 c3 49.a5 Qe4 50.Qg5+ Kf7
51.Qh5+ Kg7 52.Qg5+ Kf7 53.Qh5+ Kg7 54.Qg5+ Kf7  1/2-1/2

[Event "3rd ch-GER Internet Blitz KO"]
[Site "playchess INT"]
[Date "2005.04.03"]
[Round "1.2"]
[White "Drabke,L"]
[Black "Movsesian,S"]
[Result "0-1"]
[WhiteElo "2456"]
[BlackElo "2624"]

1.e4 c5 2.Nf3 Nc6 3.Bb5 d6 4.O-O Bd7 5.Re1 Nf6 6.c3 a6 7.Bf1 Bg4 8.h3 Bh5
9.d4 cxd4 10.cxd4 d5 11.e5 Ng8 12.Nc3 e6 13.g4 Bg6 14.Qb3 Rb8 15.Na4 h5 16.Be3 hxg4
17.hxg4 Nge7 18.Nc5 Nc8 19.Nxb7 Qd7 20.Bxa6 Be4 21.Kg2 Nb4  0-1

[Event "3rd ch-GER Internet Blitz GpB"]
[Site "playchess INT"]
[Date "2005.04.03"]
[Round "2.1"]
[White "Drabke,L"]
[Black "Buscher,M"]
[Result "1-0"]
[WhiteElo "2456"]
[BlackElo "2305"]

1.e4 c5 2.Nf3 Nc6 3.Bb5 g6 4.Bxc6 bxc6 5.O-O Bg7 6.Re1 d6 7.c3 e5 8.d4 cxd4
9.cxd4 Qc7 10.Nc3 Ne7 11.b3 O-O 12.Bb2 Bg4 13.dxe5 Bxe5 14.h3 Bxf3 15.Qxf3 f5
16.Rac1 Qd7 17.Na4 Bxb2 18.Nxb2 Rae8 19.e5 dxe5 20.Rxe5 Nd5 21.Nd3 Qd6 22.Rxe8 Rxe8
23.g3 Re4 24.Nc5 Re7 25.Qd3 f4 26.g4 Qe5 27.Qf3 Qb2 28.Nd3 Qxa2 29.Rxc6 Qxb3
30.Rc8+ Kg7 31.Rd8 Nb4 32.Qxf4 Rf7 33.Qxb4 Qd1+ 34.Qe1 Qf3 35.Qe5+ Kh6 36.Qe3+ Qxe3
37.fxe3 Rf3 38.Ne5 Rxe3 39.Nf7+ Kg7 40.Rd7 Kf6 41.Kg2 a5 42.Ra7 a4 43.Nd6 h5
44.gxh5 gxh5 45.Rxa4 Ke6 46.Re4+ Rxe4 47.Nxe4 Kf5 48.Nf2 Kf4 49.Nh1 h4 50.Nf2 Ke3
51.Ng4+ Kf4 52.Nh6 Ke3 53.Nf5+ Kf4 54.Nxh4 Kg5 55.Nf3+ Kf4 56.Kf2  1-0

[Event "1st ch-SCG"]
[Site "Kopaonik SCG"]
[Date "2005.04.05"]
[Round "4"]
[White "Nadj Hedjesi,B"]
[Black "Vuckovic,Bo"]
[Result "1/2-1/2"]
[WhiteElo "2392"]
[BlackElo "2529"]

1.e4 c5 2.Nf3 Nc6 3.Bb5 d6 4.O-O Bd7 5.Re1 Nf6 6.c3 a6 7.Bf1 Bg4 8.d3 e6
9.Nbd2 Be7 10.h3 Bh5 11.g4 Bg6 12.Nh4 Nd7 13.Ng2 h6 14.f4 Bh7 15.Qf3 O-O
16.Qg3 b5 17.Nf3 Qb6 18.g5 Kh8 19.Kh1 d5 20.f5 dxe4 21.dxe4 exf5 22.gxh6 Rg8
23.exf5 gxh6  1/2-1/2

[Event "Belgrade Cup"]
[Site "Belgrade SCG"]
[Date "2005.04.06"]
[Round "2"]
[White "Nestorovic,N"]
[Black "Jelic,G"]
[Result "1-0"]
[WhiteElo "2152"]
[BlackElo "2222"]

1.e4 c5 2.Nf3 Nc6 3.Bb5 g6 4.O-O Bg7 5.Re1 Nf6 6.e5 Nd5 7.Nc3 Nc7 8.Bxc6 dxc6
9.h3 O-O 10.d3 Ne6 11.Ne4 b6 12.Neg5 Nd4 13.Bf4 Qd5 14.c4 Nxf3+ 15.Nxf3 Qe6
16.Qd2 Rd8 17.Rad1 h5 18.b3 a5 19.Qe3 Ra7 20.Rd2 f6 21.d4 Rad7 22.exf6 Qxe3
23.Bxe3 exf6 24.dxc5 bxc5 25.Rxd7 Rxd7 26.Bxc5 Kf7 27.Nd4 Bb7 28.Ne6 a4 29.Bb6 axb3
30.axb3 Bc8 31.Nd8+ Kg8 32.Nxc6 Bb7 33.Na5 Bf8 34.c5 Bd5 35.c6 Bxc6 36.Nxc6 Rb7
37.Bd4 Rxb3 38.Bxf6 Rb6 39.Re6 Kf7  1-0

[Event "2nd Magistral"]
[Site "Carilo ESP"]
[Date "2005.04.06"]
[Round "2"]
[White "Claverie,R"]
[Black "Mahia,G"]
[Result "1/2-1/2"]
[WhiteElo "2371"]
[BlackElo "2364"]

1.e4 c5 2.Nf3 Nc6 3.Bb5 g6 4.Bxc6 dxc6 5.d3 Bg7 6.Nc3 e5 7.O-O Qe7 8.Be3 Nf6
9.h3 Nd7 10.Qd2 Nf8 11.Nh2 Ne6 12.Bh6 f6 13.Ne2 g5 14.Bxg7 Qxg7 15.Ng3 Nf4
16.Ne2 Be6 17.Nxf4 gxf4 18.Kh1 O-O-O 19.Qe2 Rhg8 20.Rg1  1/2-1/2

[Event "7th UI&UL GM"]
[Site "Dhaka BAN"]
[Date "2005.04.06"]
[Round "2"]
[White "Chowdhury,So"]
[Black "Hossain,Enam"]
[Result "0-1"]
[WhiteElo "2163"]
[BlackElo "2453"]

1.e4 c5 2.Nf3 Nc6 3.Bb5 g6 4.Bxc6 dxc6 5.d3 Bg7 6.Nc3 Nf6 7.Be3 b6 8.Qd2 Ng4
9.Bf4 e5 10.Bg3 f6 11.h3 Nh6 12.Nh2 Nf7 13.f4 Qe7 14.fxe5 fxe5 15.Nf3 O-O
16.Bh4 Qd6 17.Bf2 Nd8 18.Be3 Ne6 19.O-O-O Nd4 20.Rdf1 Ba6 21.Bh6 c4 22.Bxg7 Kxg7
23.dxc4 Bxc4 24.Rd1 Rad8 25.Qe3 Qc5 26.Rhe1 Nxf3 27.gxf3 Qxe3+ 28.Rxe3 Rxd1+
29.Nxd1 Bf1 30.Ra3 a5 31.Ne3 Be2 32.Rc3 Bxf3 33.Rxc6 Bxe4 34.Rxb6 Rf2 35.c3 h5
36.Nc4 a4 37.a3 Rh2 38.Nxe5 Rxh3 39.Kd2 Bf5 40.c4 h4 41.Ke2 Rh2+ 42.Kf3 Rc2
43.Rb7+ Kf6 44.Ng4+ Bxg4+ 45.Kxg4 Rxc4+ 46.Kh3 g5 47.Rb8 Re4 48.Rf8+ Ke5
49.Rg8 Re3+ 50.Kg2 Kf4 51.Rf8+ Kg4 52.Rb8 h3+ 53.Kf1 Rf3+ 54.Kg1 Kg3  0-1

[Event "ch-RUS u18"]
[Site "Nojabrsk RUS"]
[Date "2005.04.06"]
[Round "1"]
[White "Garakov,M"]
[Black "Bratkovskiy,D"]
[Result "1-0"]
[WhiteElo "2359"]
[BlackElo "2224"]

1.e4 c5 2.Nf3 Nc6 3.Bb5 g6 4.Bxc6 dxc6 5.d3 Bg7 6.h3 Qc7 7.Nc3 e5 8.Be3 b6
9.O-O h6 10.a3 Qd6 11.Nd2 g5 12.b4 cxb4 13.Nc4 Qd8 14.axb4 Be6 15.Ra6 Ne7
16.Qa1 Bxc4 17.dxc4 Nc8 18.Qa4 O-O 19.Qxc6 Ne7 20.Qa4 Qc8 21.c5 Ng6 22.Nd5 g4
23.hxg4 Qxg4 24.f3 Qc8 25.cxb6 axb6 26.Rxa8 Qxa8 27.Qxa8 Rxa8 28.Bxb6 Ra2
29.Rc1 Bf8 30.c4 Rb2  1-0

[Event "ch-RUS u18"]
[Site "Nojabrsk RUS"]
[Date "2005.04.07"]
[Round "2"]
[White "Papin,V"]
[Black "Uzhva,A"]
[Result "1-0"]
[WhiteElo "2440"]
[BlackElo "2247"]

1.e4 c5 2.Nf3 Nc6 3.Bb5 e6 4.O-O Nge7 5.c3 a6 6.Ba4 b5 7.Bc2 c4 8.b3 Ng6
9.bxc4 bxc4 10.Na3 Na5 11.Rb1 Bc5 12.d4 cxd3 13.Bxd3 Qc7 14.Qa4 O-O 15.Nc4 Nxc4
16.Qxc4 a5 17.Ba3 Ba6 18.Qxc5 Qxc5 19.Bxc5 Bxd3 20.Bxf8 Kxf8 21.Rb7 Bxf1
22.Kxf1 Ke8 23.Nd4 Ne5 24.Ke2 Rc8 25.f4 Ng6 26.Nb5 Ke7 27.g3 Rc5 28.Kd3 Rh5
29.h4 Nxf4+ 30.gxf4 Rxh4 31.c4 Rxf4  1-0

[Event "7th UI&UL GM"]
[Site "Dhaka BAN"]
[Date "2005.04.10"]
[Round "7"]
[White "Satyapragyan,S"]
[Black "Hossain,Enam"]
[Result "1/2-1/2"]
[WhiteElo "2401"]
[BlackElo "2453"]

1.e4 c5 2.Nf3 Nc6 3.Bb5 g6 4.Bxc6 dxc6 5.d3 Bg7 6.h3 Nf6 7.Nc3 O-O 8.Be3 b6
9.Qd2 e5 10.Bh6 Qd6 11.Bxg7 Kxg7 12.O-O h6 13.Ne2 Nh5 14.Qc3 Re8 15.Nd2 Kg8
16.Nc4 Qc7 17.a3 a5 18.a4 Ba6 19.b3 Rad8 20.g3  1/2-1/2

[Event "FSIM April"]
[Site "Budapest HUN"]
[Date "2005.04.12"]
[Round "11"]
[White "Brustkern,J"]
[Black "Radnai,A"]
[Result "1/2-1/2"]
[WhiteElo "2258"]
[BlackElo "2191"]

1.e4 c5 2.Nf3 Nc6 3.Bb5 Qc7 4.O-O a6 5.Bxc6 dxc6 6.a4 a5 7.d4 Nf6 8.e5 Nd5
9.h3 e6 10.dxc5 Bxc5 11.Nbd2 Be7 12.Ne4 O-O 13.Bg5 Bxg5 14.Nexg5 f5 15.exf6 gxf6
16.Ne4  1/2-1/2

[Event "ch-RUS u18"]
[Site "Nojabrsk RUS"]
[Date "2005.04.12"]
[Round "7"]
[White "Romanov,E"]
[Black "Reshetnikov,A"]
[Result "1/2-1/2"]
[WhiteElo "2437"]
[BlackElo "2355"]

1.e4 c5 2.Nf3 Nc6 3.Bb5 e6 4.b3 Nge7 5.Bb2 a6 6.Be2 Ng6 7.h4 d6 8.d3 Nge5
9.Nfd2 Be7 10.h5 Bf6 11.c3 Nd7 12.Nc4 Qc7 13.Ne3 b5 14.O-O Bb7 15.a4 O-O
16.Ng4 Be7 17.h6 g6 18.d4 Nf6 19.axb5 axb5 20.Nxf6+ Bxf6 21.Rxa8 Rxa8 22.dxc5 dxc5
23.Bxb5 Qb6 24.Be2 Na5 25.Nd2 Bg5 26.Bc1 Qd8 27.b4 cxb4 28.cxb4 Nc6 29.Nf3 Bf6
30.Qxd8+ Rxd8 31.b5 Nd4 32.Nxd4 Bxd4 33.Bf3 f5 34.Bg5  1/2-1/2

[Event "7th UI&UL GM"]
[Site "Dhaka BAN"]
[Date "2005.04.13"]
[Round "10"]
[White "Chowdhury,So"]
[Black "Hossain,Mon"]
[Result "1/2-1/2"]
[WhiteElo "2163"]
[BlackElo "2170"]

1.e4 c5 2.Nf3 Nc6 3.Bb5 Nf6 4.Bxc6 dxc6 5.d3 Bg4 6.Nbd2 e5 7.b3 Be7 8.Bb2 Nd7
9.h3 Bxf3 10.Qxf3 O-O 11.O-O b5 12.a4 Bg5 13.Qe2 a5 14.Nf3 Re8 15.Qe1 b4
16.Nxg5 Qxg5 17.Bc1 Qe7 18.f4 exf4 19.Rxf4 Nf8 20.Be3 Ne6 21.Rf5 Nd4 22.Bxd4 cxd4
23.Qf2 Red8 24.Rf1 Ra7 25.Qg3 Rf8 26.Rg5 f6 27.Rgf5 Raa8 28.h4 Kh8 29.h5 c5
30.Qf3 h6 31.g4 Ra6 32.Qg3 Re6 33.Rd5 Re5 34.Rxe5 fxe5 35.Rxf8+ Qxf8 36.Qxe5 Qf3
37.Qxc5 Qxg4+ 38.Kf2 Qf4+ 39.Ke2 Qe3+  1/2-1/2

[Event "TCh-BEL 2004-5"]
[Site "Belgium BEL"]
[Date "2005.04.15"]
[Round "9"]
[White "Van Mil,J"]
[Black "Klyuner,V"]
[Result "1/2-1/2"]
[WhiteElo "2348"]
[BlackElo "2395"]

1.e4 c5 2.Nf3 Nc6 3.Bb5 g6 4.Bxc6 dxc6 5.d3 Bg7 6.Nc3 Nf6 7.Be3 b6 8.h3 O-O
9.Qd2 Ne8 10.Bh6 f6 11.e5 Be6 12.O-O-O Bd5 13.h4 Bxf3 14.gxf3 Bxh6 15.Qxh6 Qd4
16.Rde1 Ng7 17.exf6  1/2-1/2

[Event "ch-RSA"]
[Site "Johannesburg RSA"]
[Date "2005.04.15"]
[Round "9"]
[White "Van der Merwe,C"]
[Black "Van der Nat,N"]
[Result "0-1"]
[WhiteElo "2087"]
[BlackElo "2218"]

1.e4 c5 2.Nf3 Nc6 3.Bb5 g6 4.c3 Bg7 5.d4 Qb6 6.Bxc6 bxc6 7.O-O Nh6 8.Na3 cxd4
9.cxd4 Ba6 10.Re1 O-O 11.Qc2 Qc7 12.h3 f6 13.Be3 Qb7 14.Nd2 Nf7 15.Nb3 Qc8
16.Nc5 d6 17.Nxa6 Qxa6 18.Rac1 Rfc8 19.Qc4 Qb7 20.Re2 d5 21.Qd3 Rab8 22.Rec2 e6
23.Nb1 Nd6 24.Nd2 a5 25.f3 Bf8 26.Nb3 Nc4 27.Rxc4 dxc4 28.Qxc4 Qf7 29.Rc2 Rb4
30.Qa6 Qe8 31.Bd2 a4 32.Nc5 Rxd4 33.Qe2 Rcd8 34.Be3 Bxc5 35.Rxc5 Rd1+ 36.Kh2 Qd7
37.Qc2 Qd6+ 38.e5 Qd3 39.Qxd3 R8xd3 40.Bh6 fxe5 41.Rxc6 Kf7 42.Ra6 Rd4 43.Ra7+ Ke8
44.Bg7 Re1 45.Ra5 Re2 46.Rxe5 Rxe5 47.Bxe5 Rd2 48.h4 Re2 49.Bc3 Rc2 50.Be5 Rc5
51.Bc3 Kd7 52.Kg3 h5 53.Kf4 Kc6 54.g4 Kb5 55.Bf6 Rd5 56.Bc3 Kc4 57.gxh5 Rxh5
58.Kg4 e5 59.Bd2 Kd3 60.Bc3 Kc2 61.Kg3 a3  0-1

[Event "CES"]
[Site "Northeim GER"]
[Date "2005.04.16"]
[Round "5"]
[White "Izrailev,A"]
[Black "Stabolewski,A"]
[Result "1-0"]
[WhiteElo "2334"]
[BlackElo "2232"]

1.e4 c5 2.Nf3 Nc6 3.Bb5 Na5 4.c3 a6 5.Ba4 e6 6.O-O b5 7.Bc2 Nf6 8.Re1 Bb7
9.d3 Be7 10.Nbd2 Rc8 11.Nf1 d5 12.e5 Nd7 13.d4 cxd4 14.cxd4 h5 15.h3 Nb8
16.g3 Nbc6 17.h4 Nb4 18.Bb1 Qc7 19.Bd2 Nc4 20.Bxb4 Bxb4 21.Re2 a5 22.Bd3 Qb6
23.Rc1 a4 24.Rec2 Ke7 25.Qe2 Bc6 26.Ne3 a3 27.bxa3 Bxa3 28.Rb1 Qa7 29.Ng2 b4
30.Qe1 Kd7 31.Nf4 Ba4 32.Re2 Na5 33.Nxd5 exd5 34.Bf5+ Ke7 35.Bxc8 Rxc8 36.Qd2 Bc2
37.Qg5+ Ke8 38.Qxg7 Bxb1 39.e6 Be4 40.Qg8+ Ke7 41.Qxf7+ Kd6 42.Qxa7 Rc7 43.Qxa5  1-0

[Event "Extraliga CZE 2004-5"]
[Site "Czech Rep CZE"]
[Date "2005.04.17"]
[Round "11"]
[White "Cicak,S"]
[Black "Manik,M"]
[Result "1/2-1/2"]
[WhiteElo "2530"]
[BlackElo "2495"]

1.e4 c5 2.Nf3 Nc6 3.Bb5 g6 4.c3 Bg7 5.d4 cxd4 6.cxd4 Nf6 7.Nc3 O-O 8.d5 Nb8
9.O-O d6 10.Nd4 a6 11.Be2 b5 12.a3 e5 13.dxe6 fxe6 14.Bg5 h6 15.Be3 Qe7 16.Qd2 Kh7
17.Rfd1 Bb7 18.f3 Rd8 19.a4 b4 20.Na2  1/2-1/2

[Event "CES"]
[Site "Northeim GER"]
[Date "2005.04.17"]
[Round "7"]
[White "Izrailev,A"]
[Black "Baklan,V"]
[Result "1-0"]
[WhiteElo "2334"]
[BlackElo "2584"]

1.e4 c5 2.Nf3 Nc6 3.Bb5 g6 4.O-O Bg7 5.c3 a6 6.Bxc6 dxc6 7.d3 Nf6 8.Be3 b6
9.h3 O-O 10.Na3 a5 11.Qd2 Ba6 12.Rad1 Re8 13.Rfe1 e5 14.Bg5 Qc7 15.Nh2 Nh5
16.Ng4 f6 17.Be3 Rad8 18.Qc2 Qf7 19.b3 f5 20.Nh2 h6 21.f3 Bf6 22.Nc4 Bh4
23.Re2 f4 24.Ng4 Qc7 25.Bf2 Bxf2+ 26.Rxf2 b5 27.Ncxe5 Rxe5 28.Nxe5 Qxe5 29.d4 Qg5
30.Rfd2 Bb7 31.a4 Ng3 32.Qa2 b4 33.cxb4 cxd4 34.bxa5 Ba6 35.b4+ Kg7 36.Qb2 Qe5
37.Rc2 Kh7 38.Rxc6 Ne2+ 39.Kh2 Nc3 40.Rxa6 Nxd1 41.Ra7+ Kh8 42.Qb3 Qf6 43.Qxd1 d3
44.Qd2 g5 45.Rb7 h5 46.a6 g4 47.fxg4 hxg4 48.hxg4 Kg8 49.a7 Qh8+ 50.Kg1 Qa1+
51.Kf2 Qe5 52.Kf3 Qa1 53.Rb8 Qf1+ 54.Qf2 Qd1+ 55.Kxf4 Kf7 56.Rb7+ Kg8 57.Qa2+  1-0

[Event "ch-SCG w"]
[Site "Pancevo SCG"]
[Date "2005.04.18"]
[Round "1"]
[White "Savic,Ma"]
[Black "Vasic,M"]
[Result "0-1"]
[WhiteElo "2163"]
[BlackElo "2180"]

1.e4 c5 2.Nf3 Nc6 3.Bb5 g6 4.Bxc6 dxc6 5.d3 Bg7 6.h3 e5 7.O-O Qe7 8.a4 a5
9.Nc3 Nf6 10.Nh2 O-O 11.f4 exf4 12.Bxf4 Nh5 13.Be3 c4 14.g4 Nf6 15.Qf3 cxd3
16.cxd3 h5 17.Rf2 hxg4 18.hxg4 Nh7 19.Raf1 Be6 20.Qg3 Rad8 21.Bb6 Rd7 22.Qe3 Qh4
23.Rg2 Qg5 24.Qe2 Qe7 25.Qe3 Qd6 26.Rd2 Rc8 27.Bc5 Bd4 28.Bxd4 Qxd4 29.Qxd4 Rxd4
30.Nf3 Rdd8 31.g5 Bg4 32.Ne5 Be6 33.Nf3 Rc7 34.Rff2 Rcd7 35.d4 Re7 36.Rh2 Bg4
37.Ne5 Bh5 38.Rhg2 Kg7 39.Kh2 f6 40.gxf6+ Nxf6 41.Rg5 Kh6 42.Rdg2 Rxd4 43.Nxg6 Rg7
44.Nf4 Rxg5 45.Rxg5 Kxg5 46.Ne6+ Kg4 47.Nxd4 Kf4 48.Nb3 b6 49.Nd2 Bg6 50.Nc4 Nd7
51.Nd2 Ke3 52.Nf1+ Kd3 53.Kg3 Bxe4 54.Kf4 Bh7 55.Ne3 Nc5 56.Ng4  0-1

[Event "ch-SCG w"]
[Site "Pancevo SCG"]
[Date "2005.04.19"]
[Round "2"]
[White "Chelushkina,I"]
[Black "Maksimovic,S"]
[Result "1-0"]
[WhiteElo "2369"]
[BlackElo "2231"]

1.e4 c5 2.Nf3 Nc6 3.Bb5 a6 4.Bxc6 bxc6 5.O-O Nf6 6.e5 Nd5 7.c4 Nc7 8.Nc3 g6
9.Ne4 Ne6 10.b4 d6 11.exd6 Bg7 12.d4 cxd4 13.Bb2 O-O 14.Nxd4 Nxd4 15.Bxd4 e5
16.Be3 Be6 17.Rc1 a5 18.b5 cxb5 19.cxb5 Bxa2 20.Rc7 f5 21.Bg5 Qb8 22.Qd2 Bf7
23.Nf6+  1-0

[Event "7th Rector Cup w"]
[Site "Kharkiv UKR"]
[Date "2005.04.21"]
[Round "2"]
[White "Doluhanova,E"]
[Black "Sulejmanova,A"]
[Result "0-1"]
[WhiteElo "2251"]
[BlackElo "2241"]

1.e4 c5 2.Nf3 Nc6 3.Bb5 g6 4.Bxc6 dxc6 5.d3 Bg7 6.O-O e5 7.Be3 Qe7 8.Nbd2 Nf6
9.Nc4 Nh5 10.Qd2 O-O 11.Bh6 f6 12.Bxg7 Kxg7 13.Qe3 b6 14.c3 Qe6 15.Rfd1 Nf4
16.Ne1 Ba6 17.b3 Rad8 18.Kh1 Rd7 19.Rac1 Rfd8 20.g3 Qh3 21.Kg1 Rxd3 22.Rxd3 Rxd3
23.Qxd3 Nxd3 24.Nxd3 Qg4 25.Ne3 Qe2 26.Ne1 Qxa2 27.Rd1 Be2 28.Rd7+ Kg8 29.Kg2 a5
30.Nf3 h5 31.Nh4 Qb1 32.f3 Qc1 33.Kf2 Qb2 34.g4 Bd3+ 35.Kg3 Qe2 36.Nhg2 h4+
37.Kxh4 Qf2+ 38.Kh3 Qxf3+ 39.Kh4 Bxe4  0-1

[Event "ch-SCG w"]
[Site "Pancevo SCG"]
[Date "2005.04.22"]
[Round "5"]
[White "Savic,Ma"]
[Black "Chelushkina,I"]
[Result "0-1"]
[WhiteElo "2163"]
[BlackElo "2369"]

1.e4 c5 2.Nf3 Nc6 3.Bb5 g6 4.Bxc6 dxc6 5.d3 Bg7 6.h3 Nf6 7.O-O O-O 8.a4 Ne8
9.a5 Nc7 10.Nbd2 e5 11.Nc4 f6 12.Be3 Na6 13.Nfd2 Be6 14.f4 exf4 15.Bxf4 b5
16.axb6 axb6 17.Qe2 b5 18.Nd6 Qe7 19.c4 Rfd8 20.cxb5 cxb5 21.Nxb5 Qb7 22.Ra5 Nb4
23.Nd6 Qc6 24.Rxa8 Qxa8 25.N2c4 Qc6 26.e5 Bxc4 27.Nxc4 Qe6 28.Rf3 Re8 29.Bg3 fxe5
30.Re3 Nc6 31.Re4 Nd4 32.Qg4 Qd5 33.Bxe5 Bxe5 34.Nxe5 Rxe5 35.Qc8+ Kg7 36.Qc7+ Kf6
37.Rf4+ Rf5 38.Qb6+ Ne6 39.Re4 g5 40.Qb8 Kg7 41.Qe8 Nf4  0-1

[Event "Torch Real Estate Cup"]
[Site "Jinan CHN"]
[Date "2005.04.24"]
[Round "5"]
[White "Tong Yuanming"]
[Black "Li Haoyu"]
[Result "1-0"]
[WhiteElo "2510"]
[BlackElo "2280"]

1.e4 c5 2.Nf3 Nc6 3.Bb5 g6 4.Bxc6 dxc6 5.d3 Bg7 6.O-O e5 7.Nbd2 Qe7 8.Nc4 Bg4
9.h3 Bxf3 10.Qxf3 Nf6 11.a4 O-O 12.a5 Nd7 13.Be3 Rfd8 14.Qg3 b5 15.axb6 axb6
16.f3 Rdb8 17.Qf2 Qe6 18.Qd2 Bf8 19.Qc3 b5 20.Nd2 Ra2 21.Nb3 Rxa1 22.Rxa1 c4
23.dxc4 bxc4 24.Na5 Nb6 25.Bxb6 Rxb6 26.Nxc4 Rb5 27.Qd3 Kg7 28.Kh1 Be7 29.b3 Rb8
30.Qc3 Bf6 31.Rd1 Qe7 32.Ne3 Bg5 33.g3 Qe6 34.Ng4 Rb5 35.Kg2 h5 36.Nf2 h4
37.g4 Kh7 38.Ra1 Qf6 39.Nd3 Be3 40.Ra6 Qg5 41.Rxc6 Bd2 42.Qc4 Rb7 43.Rc7 Rxc7
44.Qxc7  1-0